000 00670nam a2200193Ia 4500
003 IN-BaIIA
008 211028s9999 xx 000 0 eng d
040 _cIIA Library
080 _a083.7:621.316.027.2
_bISI
110 _aIndian Standards Institution
245 0 _aIndian Standard Degrees of Protection Provided by Enclosures for Low-voltage Switchgear and Controlgear
_cIndian Standards Institution
260 _aNew Delhi
_bIndian Standards Institution
_c1963
300 _a16p.
650 _aControl Gear
_915173
650 _aLow voltage Switch Gear
_915174
650 _aNASA Thesaurus
650 _aStandard
_99352
942 _cBK
999 _c9021
_d9021